000
00241nam a2200109Ia 4500
008
190216s9999||||xx |||||||||||||| ||und||
100
_a
Peter Cemmens
245
0
_a
Fire Is The Forest
260
_b
Longmans
650
_a
English
942
_c
BK
999
_c
11784
_d
11784